00638 a2200145 4500003000500000005001700005040000900022082001400031100001900045245004800064260006000112300002600172505026400198650003000462Nust20230306112408.0 cNust a305.4,PAT aRashida Patel. aWomen and law in Pakistan /cRashida Patel. aKarachi : Faiza Publishers,b Faiza Publishers,c 1979. axxxii, 194 p.b23 cm. aNeed for Reforms (Paeg-1), A Girl Child is Born (Paeg-24), Marriage-Nikah (Paeg-43), Husband and Wife (Paeg-66), Polygamy (Paeg-88), Taliq,Taliq,Taliq (Paeg-98), Divorce by Wife (Paeg-116), Inheritance (Paeg-138), Matrimonial and Family Law Courts (Paeg-156). aWomen and law in Pakistan